header

Everyday probability and statistics (Record no. 14245)

MARC details
000 -LEADER
fixed length control field 01109nam a2200289Ia 4500
100 1# - MAIN ENTRY--AUTHOR NAME
Personal name Woolfson, M. M.
245 10 - TITLE STATEMENT
Title Everyday probability and statistics
260 ## - PUBLICATION, DISTRIBUTION, ETC. (IMPRINT)
Place of publication London :
Name of publisher Imperial College Press,
Year of publication c2008.
300 ## - PHYSICAL DESCRIPTION
Number of Pages ix, 223 p. :
Other physical details ill. (some col.)
500 ## - GENERAL NOTE
General note Includes index.
650 #0 - SUBJECT ADDED ENTRY--TOPICAL TERM
Topical Term Probabilities.
Topical Term Statistics.
856 40 - ELECTRONIC LOCATION AND ACCESS
Uniform Resource Identifier http://site.ebrary.com/lib/rucke/Doc?id=10255481

No items available.

© 2026 Rongo University
Contact us: librarian | system librarian | Rongo university